Welcome to CU Library Online Public Access Catalogue (OPAC)

Spirituality in the secular city. (Record no. 6537)

MARC details
000 -LEADER
fixed length control field 00435cam a22001691 4500
001 - CONTROL NUMBER
control field 3115658
005 - DATE AND TIME OF LATEST TRANSACTION
control field 20250617105544.0
008 - FIXED-LENGTH DATA ELEMENTS--GENERAL INFORMATION
fixed length control field 740801s1966 nyu b 000 0 eng
050 00 - LIBRARY OF CONGRESS CALL NUMBER
Classification number BR115.W6
Item number S6
082 00 - DEWEY DECIMAL CLASSIFICATION NUMBER
Classification number 261
245 00 - TITLE STATEMENT
Title Spirituality in the secular city.
260 ## - PUBLICATION, DISTRIBUTION, ETC.
Place of publication, distribution, etc. New York,
Name of publisher, distributor, etc. Paulist Press
Date of publication, distribution, etc. [1966]
300 ## - PHYSICAL DESCRIPTION
Extent viii, 184 p.
Dimensions 24 cm.
650 #0 - SUBJECT ADDED ENTRY--TOPICAL TERM
Topical term or geographic name entry element Church and the world.
650 #0 - SUBJECT ADDED ENTRY--TOPICAL TERM
Topical term or geographic name entry element Spirituality.
942 ## - ADDED ENTRY ELEMENTS (KOHA)
Source of classification or shelving scheme Library of Congress Classification
Koha item type Books
Suppress in OPAC No
999 ## -
-- 6537
-- 6537
Holdings
Withdrawn status Lost status Source of classification or shelving scheme Damaged status Not for loan Collection Home library Current library Shelving location Date acquired Total checkouts Full call number Barcode Date last seen Copy number Price effective from Koha item type
    Library of Congress Classification     Non-fiction Undergraduate Library (Christ Temple) Undergraduate Library (Christ Temple) General stacks 06/17/2025   BR115.W65 SPI ulct00003381 06/17/2025 1 06/17/2025 Books
© 2023-2024 Copyright: Central University Libraries. All Rights Reserved | Created by: Mahone Tech Office